Представление документа в формате MARC21

Поле Инд. ПП Название Значение
Тип записи a
Библиографический уровень m
001 Контрольный номер DU/583495463
005 Дата корректировки 20251212162644.7
008 Кодируемые данные 20091204
020 a ISBN 9785811407538
040 b Код языка каталог. rus
e Правила каталог. PSBO
041 0_ a Код языка текста rus
084 a Индекс другой классификации/Индекс ББК 22.3я73; 22.2я73; 22.36я73; 22.312я73
090 a Полочн. индекс 22.3я73
x Авторский знак З-645
100 1_ a Автор Зисман Г. А.
q Полное имя Зисман Гирш Абрамович
100 1_ a Автор Тодес О. М.
q Полное имя Тодес Оскар Мовшевич
245 10 a Заглавие Курс общей физики
b Продолж. заглавия учебное пособие для втузов: в 3 т.
n Номер части/ раздела Т.1
p Название части/ раздела Механика. Молекулярная физика. Колебания и волны
250 a Основные сведения об издании 7-е изд., стер.
260 a Место издания Санкт-Петербург
b Издательство Лань
c Дата издания 2018
300 a Объем 344 с.
b Иллюстрации/ тип воспроизводства ил.
336 a Термин вида содержания Текст
337 a Термин типа средства непосредственный
440 _0 a Серия Классическая учебная литература по физике
504 a Библиография Прил. 1,2: с. 328. - Предм. указ.: с. 334
521 0_ a Примеч. о целев. назн. студенты
541 1_ a Номер заявки 7225
b Заявитель Шевчук И.И.
c Факультет/Кафедра/Подразделение Кафедра общей физики
d Дата заявки 22.03.2018
f Дисциплина физика
h Уровень подготовки Бакалавриат
n Количество экземпляров 10
650 04 a Основная рубрика механика
a Основная рубрика молекулярная физика
a Основная рубрика теоретическая физика
a Основная рубрика теория колебаний и волн
a Основная рубрика физика
653 0_ a Ключевые слова агрегатные состояния вещества
a Ключевые слова акустика
a Ключевые слова Бернулли уравнение
a Ключевые слова волны
a Ключевые слова вращательное движение
a Ключевые слова второе начало термодинамики
a Ключевые слова гармонические колебания
a Ключевые слова движение жидкости
a Ключевые слова динамика
a Ключевые слова динамика вращения
a Ключевые слова жидкости
a Ключевые слова звук
a Ключевые слова кинематика точки
a Ключевые слова колебания
a Ключевые слова молекулярно-кинетическая теория
a Ключевые слова первое начало термодинамики
a Ключевые слова твердые тела
a Ключевые слова термодинамика
a Ключевые слова фазовые переходы
a Ключевые слова явление переноса
655 a Жанр/ форма (устаревшее) учебное пособие
900 a Имя электронного ресурса obl_zisman_fizika_1_2018
x Справочная информация Обложка
901 t Тип документа m
952 a Тип литературы для КСУ ВШ УИ
954 a Гриф 1.1.2.22.3